00454nam a2200157Ia 4500003000900000008004100009020001800050040001600068080001500084100001700099245008700116250001200203260004300215300001400258650002400272IN-BaIIA211028s9999 xx 000 0 eng d a81-224-1190-8 cIIA Library a539.2bPIL aPillai, S. O 0aSolid state physicscS. O. Pillai  a3rd ed. aNew DelhibNew Age Internationalc1999 axx, 676p. aSolid state physics